MDQL
is popping MORE tags! Check the
thread
!
Quizzes
Events
Quiz Creation
Community
Videos
Private Events
Remove Ads
Sign In
Join for FREE
Feedback
Dark Mode
Quiz Categories
Sports
Geography
Music
Movies
Television
Just For Fun
Miscellaneous
History
Literature
Language
Science
Gaming
Entertainment
Religion
Holiday
For Kids
Quiz Lab
Recent
Popular Today
Quiz Kudos Today
Editor Picks
Curator Picks
Quizzes by...
Day
Popularity
Type
Ratings
Length
Year
Community
Subscriptions
Recent Discussions
Orange Saloon
Badges
Playlists
Quests
Create
Leaderboards
Showdown
Live 5
Trivia Bingo
Activity
Puzzle Library
Sporcle Events
Private Events
Virtual Trivia
Globe League
Become a Host
Pub Owners
SporcleCon
Opinionation
Our Games
Videos
Blog
Mobile Apps
Partnerships
Remove Ads and Go Orange
Feedback
Just For Fun
Clickable
Get the Picture
Humor
Quick Pick
Word Ladder
Missing Word
Mixed Word
Blitz
Minefield
This or That
Alphabet
Color
Typing
Sporcle
Puzzle
Word Play
Follow That Line
Logic
Just For Fun
Clickable
Get the Picture
Humor
Quick Pick
Word Ladder
Missing Word
Mixed Word
Blitz
Minefield
This or That
Alphabet
Color
Typing
Sporcle
Puzzle
Word Play
Follow That Line
Logic
Random Quiz
Search Sporcle
×
Quiz Lab
Quiz Lab
Just For Fun
bbc
Type in answers that appear in a list
Type in answers that appear in a list
Classic
Best Score? Go Orange.
Tracy Beaker Quiz Stats
Can you name the characters described featured in 'Tracy Beaker Returns'?
By
headphones12
8m
30 Questions
1,338 Plays
1,338 Plays
1,338 Plays
Comments
Comments
Give Quiz Kudos
Give Quiz Kudos
-
- Ratings
hide this ad
More Info
Random Order
Randomize order of answers
Randomize order of answers
Replay
Link that replays current quiz
Next Quiz
Link to next quiz in quiz playlist
You Got
0%
They Got
Avg Score
28%
Avg Friend Score
Upgrade to see
Score Distribution
Jump to the score distribution portion of the page
Score
0/30
Timer
08:00
0
Plays Today
Question
Answer
% Correct
Person who got hurt trying to save Tracy and Sapphire
Mike
61.3%
Child who gets fostered for a while by Cam
Lily
54%
Name of Care Home
Elmtree House
46.6%
Harry's Favourite Toy
Jeff
46.1%
Where Liam met Tracy
Police Station
45.6%
Lily's two sisters
Poppy and Rosie
45.4%
Tracy's Music loving boyfriend
Seth
44.5%
Tracy's rival who returns in series 3
Justine Littlewood
42.8%
Animal that Tee loves
Sheep
38.1%
Name of Elektra's old gang
Cobras
34.3%
Country Gina is from
Jamaica
32.7%
Liam's Brother
Jack
31.2%
Tracy's Foster Mum
Cam Lawson
30.3%
New Girl who shares Carmen's room in late Series 3
Jody Jackson
29.5%
Price of Tracy's book
£6.99
25.7%
Question
Answer
% Correct
Lily's dad
Steve Kettle
24.9%
Gus's girlfriend for a while
Jenny
22.7%
Elektra's Sister
Melissa Perkins
22.4%
Name of man who told Johnny not to call Tee
Mr Watson
22%
Head Care Worker
Mike Milligan
21.8%
Man who Liam 'stole' a mobility scooter off
Mr Spooner
21.3%
Carmen's Mum who often left her at home
Helen Howle
18.4%
Tee's new friend when she gets fostered for a while
Hannah Watson
17.8%
Known as 'Bad Luck Boy'
Toby Coleman
16.4%
A former Burnywood Child who's parents are in prison for fraud
Rick Barber
16.1%
Name of Burnywood Care Worker who takes over TDG
Dennis Stockle
12.9%
Condition that Gus has
Aspergers Syndrome
12.9%
Three Elmtree Children who get sent to Burnywood
Sapphire Harry and Carmen
10.4%
What Harry does to Sapphire that makes her angry in Series 3
Paints on her wall
9.1%
Thing that makes Carmen knock over candles and start a fire in Cam's flat
Chilli's in her face mask
6.7%
Quiz Playlist
Details
Report
Send in Message
Add To Playlist
More Info:
Enjoy the game and plz comment!
Classic:
Type in answers that appear in a list
Random Order:
Randomize order of answers
Last Updated: Feb 16, 2017
Quiz Scoreboard
CHALLENGE
Sign Up to Join the Scoreboard
Show All
Scores
Hide
Comments
May contain spoilers
Recently Published
Image Sorting: Flags VI
by Barbecue
Geography
2m
Find the 'City' Movie
by crazypaving
Movies
60s
Colored Red Africa Blitz
by spor1
Geography
45s
More to Explore
Quiz From the Vault
Featured Blog Post
14 Easter Pick-up Lines to Find Eggs With
hide this ad
You Might Also Like...
Tags
bbc
BBC Actors
cbbc
Jacqueline Wilson
Tracy Beaker
Today's Top Quizzes in Just For Fun
Browse Just For Fun
hide this ad
Today's Top Quizzes in bbc
Browse bbc
Top Contributed Quizzes in Just For Fun
1
Name Just One - 10 to 1: Just For Fun
2
Avatar the Last Airbender: Logic Puzzle
3
Missing Word: 2-Letter A-Z II
4
Missing Letter Whitney Houston Songs
5
It's Magic / Witchcraft 🎩🪄🧙♀️
6
Survivor Winners Logic Puzzle
7
Missing Word: 'Of' Things A-Z
8
01-36 Logic Puzzle I
9
Quick 5-Color Logic (18)
10
Shadowhunters Protagonists Logic Quiz
Explore More
Trending Topics
NBA
Harry Potter
Crossword
Marvel
Disney
Anime
Kpop
NFL
Soccer
Pokémon
Country
The Office
WWE
Puzzle
Song
hide this ad
More By:
headphones12
Quiz
Plays
Rating
Category
Featured
Created
Tracy Beaker Quiz
1,338
5.00
Just For Fun
Apr 26, 2014
Fun Trivia Questions
899
2.50
Just For Fun
Oct 27, 2016
The Dumping Ground Characters
696
5.00
Television
Apr 10, 2014
Tracy Beaker Returns Characters
645
5.00
Television
Apr 5, 2014
British Youtubers by their Description
497
3.33
Just For Fun
Oct 12, 2014
Go to Creator's Profile
Score Distribution
Quiz Creator Spotlight
headphones12
Follow
Send a Message
Quizzes Created
-
Created Quiz Play Count
-
More By This Creator
Popular Quizzes Today
1
Colored Red Africa Blitz
2
Find the US States - No Outlines Minefield
3
Find the 'City' Movie
4
5x2 Blitz: Bands
5
The Countries of the World
6
Find the US States
7
Find the Countries of Europe - No Outlines Minefield
8
US States
More Just For Fun Quizzes
Word Ladder: Magazines
Published
Trending Quizzes
Colored Red Europe Blitz I
Colored Red Europe Blitz II
Colored Red Africa Blitz II
Colored Red Europe Blitz III
Colored Red Africa Blitz III
Recently Updated
How Do You Spell That?
pecheneg
Godzilla Movies
pecheneg
Grab Bag: 4-10 Letters
pecheneg
2024 March Madness Bracket
pecheneg
Famous TV Couples
Peacemaker
Champions League XIs: Real Madrid
pecheneg
Largest US Cities 1790-2010
pecheneg
Rides in Walt Disney World
pecheneg
Most Oscar Losses (Acting)
pecheneg
Beyoncé Albums
pecheneg
Trending Topics
Crossword
Marvel
Disney
NBA
Anime
Kpop
Harry Potter
Country
NFL
Puzzle
WWE
Song
Pokémon
The Office
Soccer
Your Account Isn't Verified!
In order to create a playlist on Sporcle, you need to verify the email address you used during registration. Go to your
Sporcle Settings
to finish the process.
Report this User
Report this user for behavior that violates our
Community Guidelines
.
Details:
Send Report
Go to the Sporcle.com Mobile Site →
Comments